|
|
|
|
| LEADER |
00000nam a22000007a 4500 |
| 005 |
20140430182450.0 |
| 007 |
cr|||| |||| |
| 008 |
140430c20149999sp |||| r|||| 0|||a1spa d |
| 035 |
|
|
|a 12043
|
| 040 |
|
|
|a vLex
|
| 090 |
|
|
|c 4867
|d 4867
|
| 245 |
0 |
0 |
|a Revista Derecho Social y Empresa
|h [Recurso electrn̤ico]
|
| 256 |
|
|
|a Servicio en ln̕ea
|
| 260 |
|
|
|a Madrid :
|b Dykinson,
|c 2014 -
|
| 300 |
|
|
|a 1 recurso electrn̤ico
|
| 310 |
|
|
|a Semestral
|
| 362 |
|
|
|a Nm︢. 1 (2014) -
|
| 506 |
1 |
|
|a Contenido solo disponible en los productos indicados
|d vLex Global
|d vLex Global (Academic Edition, excluding Law Schools)
|d vLex Global (U.S. Academic Edition, Law Schools)
|d vLex Global (U.S. Academic Edition, excluding Law Schools)
|d vLex Global (Academic Edition, Law Schools)
|
| 650 |
0 |
4 |
|a Derecho social
|z Espaą
|
| 740 |
0 |
|
|a vLex Revistas (Servicio en ln̕ea)
|
| 856 |
4 |
0 |
|u http://vlex.com/source/revista-derecho-social-empresa-12043
|z Acceso restringido
|
| 942 |
|
|
|c REV
|
| 999 |
0 |
|
|a Social legislation
|